[Event "RUS Cup U09 Girls final"]
[Site "Bryansk"]
[Date "2019.01.04"]
[Round "1"]
[White "Tsareva, Darya"]
[Black "Labaznikova, Kseniya"]
[Result "0-1"]
[WhiteElo "1130"]
[BlackElo "1148"]
[PlyCount "108"]
[EventDate "2019.01.04"]
[EventType "swiss"]
[EventRounds "7"]
[EventCountry "RUS"]
[SourceTitle "EXT 2021"]
[Source "ChessBase"]
[SourceDate "2020.10.23"]
[SourceVersion "1"]
[SourceVersionDate "2020.10.23"]
[SourceQuality "1"]

1. d4 d5 2. c4 e6 3. Nf3 Nf6 4. Qc2 Be7 5. g3 0-0 6. Bg2 Nbd7 7. Nbd2 c5 8. 0-0 Qb6 9. Nb3 Qc7 10. Bf4 Qb6 11. Rac1 cxd4 12. Nbxd4 a6 13. cxd5 Nxd5 14. Bd2 Nc5 15. Ng5 Bxg5 16. Bxg5 Nd7 17. Nb3 Nb4 18. Qc4 Ne5 19. Qe4 Nec6 20. Be3 Qb5 21. Bf3 Nxa2 22. Nd4 Nxd4 23. Bxd4 Nxc1 24. Rxc1 Rd8 25. Rc5 Qb4 26. e3 a5 27. Rh5 h6 28. Qe5 f6 29. Qc7 Rd7 30. Qc2 f5 31. g4 Rf7 32. Bc3 Qc4 33. Qd2 Rd7 34. Qc2 Qd3 35. Qb3 Rf7 36. g5 hxg5 37. Rxg5 Ra6 38. Bh5 Re7 39. Qa4 Qe4 40. Qa3 Rd7 41. Qa1 b5 42. Be2 Bb7 43. f3 Qxe3+ 44. Kf1 Qxg5 45. Bxb5 Bxf3 46. Kf2 Qg2+ 47. Ke3 Rad6 48. Bxd7 Rxd7 49. Qxa5 Qe2+ 50. Kf4 Qe4+ 51. Kg3 f4+ 52. Kh4 Qg6 53. h3 Qh6+ 54. Qh5 Qxh5# 0-1

[Event "Wch U08 Girls rapid"]
[Site "Minsk"]
[Date "2018.06.23"]
[Round "5"]
[White "Labaznikova, Kseniya"]
[Black "Okruzhnova, Anna"]
[Result "0-1"]
[WhiteElo "1122"]
[BlackElo "1456"]
[PlyCount "67"]
[EventDate "2018.06.22"]
[EventType "swiss (rapid)"]
[EventRounds "9"]
[EventCountry "BLR"]
[SourceTitle "EXT 2019"]
[Source "ChessBase"]
[SourceDate "2018.10.10"]
[SourceVersion "1"]
[SourceVersionDate "2018.10.10"]
[SourceQuality "1"]

1. f4 Nf6 2. Nf3 g6 3. e3 Bg7 4. Nc3 0-0 5. b3 d6 6. Bb2 Nc6 7. Be2 Bf5 8. 0-0 Ne4 9. Nxe4 Bxb2 10. Rb1 Bg7 11. Nc3 Qd7 12. h3 e5 13. fxe5 Nxe5 14. Nxe5 dxe5 15. Bf3 c6 16. Qe1 Rad8 17. Rd1 Bxc2 18. Rc1 Bf5 19. Rf2 Rfe8 20. Na4 e4 21. Bd1 b5 22. Nc5 Qc7 23. b4 Bf8 24. Bb3 Bxc5 25. bxc5 Rf8 26. Rf1 Be6 27. Bxe6 fxe6 28. Rd1 Qe5 29. Qe2 Qxc5 30. Rc1 Qd6 31. Rfd1 Qd5 32. Rc2 Rc8 33. Qg4 c5 34. Ra1 0-1

[Event "EU-ch U08 Girls 27th"]
[Site "Mamaia"]
[Date "2017.09.11"]
[Round "6"]
[White "Labaznikova, Kseniya"]
[Black "Keskinler, Ela"]
[Result "0-1"]
[WhiteElo "1104"]
[BlackElo "1276"]
[PlyCount "98"]
[EventDate "2017.09.05"]
[EventType "swiss"]
[EventRounds "9"]
[EventCountry "ROU"]
[SourceTitle "CBM 180 Extra"]
[Source "ChessBase"]
[SourceDate "2017.10.06"]
[SourceVersion "1"]
[SourceVersionDate "2017.10.06"]
[SourceQuality "1"]

1. e4 e5 2. Nf3 Nc6 3. Bc4 Bc5 4. c3 Nf6 5. d4 exd4 6. e5 d5 7. Bb5 Ne4 8. cxd4 Bb6 9. 0-0 0-0 10. Be3 f6 11. Bxc6 bxc6 12. Nbd2 Bg4 13. Qc2 Nxd2 14. Nxd2 Qd7 15. Rfe1 Rae8 16. f4 Bf5 17. Qc3 fxe5 18. fxe5 Qe6 19. Rac1 Qg6 20. Qxc6 Be6 21. Qc3 Bh3 22. g3 Re6 23. Qb3 c6 24. Qd1 Bd8 25. Kh1 Bh4 26. Rg1 Be7 27. Qe2 Bg4 28. Qg2 Qd3 29. Rc3 Qf5 30. Qf1 Qh5 31. Qe1 Bb4 32. Rc1 Bf3+ 33. Rg2 Bxg2+ 34. Kxg2 Bxd2 35. Bxd2 Qf3+ 36. Kg1 Qg4 37. Bb4 Rfe8 38. Bd6 Qxd4+ 39. Kh1 Rxd6 40. b3 Qxe5 41. Qb4 Qe4+ 42. Qxe4 Rxe4 43. Rc5 d4 44. Kg2 d3 45. Rc1 d2 46. Rd1 Re1 47. Rxe1 dxe1Q 48. a4 Qe2+ 49. Kh3 Rh6# 0-1

[Event "EU-ch U08 Girls 27th"]
[Site "Mamaia"]
[Date "2017.09.08"]
[Round "4"]
[White "Smietanska, Wiktoria"]
[Black "Labaznikova, Kseniya"]
[Result "1-0"]
[WhiteElo "1446"]
[BlackElo "1104"]
[PlyCount "85"]
[EventDate "2017.09.05"]
[EventType "swiss"]
[EventRounds "9"]
[EventCountry "ROU"]
[SourceTitle "CBM 180 Extra"]
[Source "ChessBase"]
[SourceDate "2017.10.06"]
[SourceVersion "1"]
[SourceVersionDate "2017.10.06"]
[SourceQuality "1"]

1. e4 c5 2. Nf3 d6 3. d4 cxd4 4. Nxd4 Nf6 5. Nc3 a6 6. Be3 e6 7. f3 Be7 8. Qd2 Qc7 9. g4 h6 10. h4 Bd7 11. 0-0-0 b5 12. Bd3 Nc6 13. g5 hxg5 14. hxg5 Rxh1 15. Rxh1 Ng8 16. Rh8 Kf8 17. Nxc6 Bxc6 18. Qh2 b4 19. Qh7 Ke8 20. Rxg8+ Kd7 21. Ne2 a5 22. Rxa8 Bxa8 23. Bb5+ Bc6 24. Bxc6+ Qxc6 25. Qh2 a4 26. Nd4 Qc4 27. Qe2 Qc7 28. Qb5+ Kd8 29. Qc6 Qb8 30. Nb5 g6 31. Bb6+ Qxb6 32. Qxb6+ Ke8 33. Qb8+ Kd7 34. Qc7+ Ke8 35. Qc8+ Bd8 36. Nd4 e5 37. Nc6 Kf8 38. Qxd8+ Kg7 39. Qf6+ Kh7 40. Nd8 Kg8 41. Qxf7+ Kh8 42. Ne6 a3 43. Qg7# 1-0

[Event "EU-ch U08 Girls 27th"]
[Site "Mamaia"]
[Date "2017.09.06"]
[Round "2"]
[White "Labaznikova, Kseniya"]
[Black "Zavivaeva, Evelina"]
[Result "1/2-1/2"]
[WhiteElo "1104"]
[BlackElo "1406"]
[PlyCount "122"]
[EventDate "2017.09.05"]
[EventType "swiss"]
[EventRounds "9"]
[EventCountry "ROU"]
[SourceTitle "CBM 180 Extra"]
[Source "ChessBase"]
[SourceDate "2017.10.06"]
[SourceVersion "1"]
[SourceVersionDate "2017.10.06"]
[SourceQuality "1"]

1. e4 e5 2. Nf3 Nc6 3. Bc4 Bc5 4. c3 d6 5. d4 exd4 6. cxd4 Bb6 7. h3 Nf6 8. Bg5 Qe7 9. 0-0 0-0 10. Re1 Rd8 11. Nc3 Qf8 12. Nd5 Be6 13. Nxf6+ gxf6 14. d5 Qg7 15. dxe6 fxg5 16. exf7+ Kh8 17. b3 Na5 18. Bd3 Qxf7 19. Qc2 Qg7 20. Rad1 Nc6 21. Re2 Rf8 22. Rde1 g4 23. hxg4 Qxg4 24. Qb2+ Qg7 25. Qxg7+ Kxg7 26. Rf1 Rad8 27. Ng5 Rde8 28. Bc4 Rf6 29. Nf3 Rf4 30. Ng5 Kg6 31. g3 Rf6 32. Nh3 Nd4 33. Rb2 Kg7 34. Nf4 Re5 35. Kg2 c6 36. Bd3 Ne6 37. Nxe6+ Rexe6 38. Re2 Bd4 39. Rd1 Re5 40. f3 a5 41. Ba6 bxa6 42. Rxd4 Rg6 43. Red2 Rc5 44. Rxd6 Rxd6 45. Rxd6 Rc2+ 46. Kh3 Rxa2 47. Rxc6 a4 48. bxa4 Rxa4 49. e5 a5 50. Ra6 Ra1 51. f4 a4 52. f5 a3 53. f6+ Kg6 54. g4 a2 55. Kg2 Re1 56. Rxa2 Rxe5 57. Ra6 h5 58. gxh5+ Rxh5 59. Kg3 Rf5 60. Kg4 Rxf6 61. Rxf6+ Kxf6 1/2-1/2